| 000 | 00475nam a2200181Ia 4500 | ||
|---|---|---|---|
| 005 | 20250326130157.0 | ||
| 008 | 250326s9999 xx 000 0 und d | ||
| 037 | _aTextbook | ||
| 040 |
_aFMSL _beng _cFMSL |
||
| 041 |
_aeng _2eng |
||
| 084 | _qFMSL | ||
| 100 |
_aGildersleeve T R _9614971 |
||
| 245 | 0 |
_aDesign of sequential file systems _cGildersleeve T R |
|
| 260 |
_aNY _bNY, Wiley Interprice _c1971 |
||
| 300 | _a49p | ||
| 942 | _cTB | ||
| 999 |
_c1281306 _d1281306 |
||